Land und Leute in Amerika /
Saved in:
| Other Authors: | , |
|---|---|
| Format: | Book |
| Language: | German |
| Published: |
Berlin :
Langenscheidtsche Verlagsbuchhandlung,
[1913].
|
| Edition: | 3. Bearbeitung |
| Series: | Langenscheidts Sachwörterbücher
407 |
| Subjects: | |
| ISBN: |
(viaz.) |
| Physical Description: |
xxiv, 564 s., 56 s. príl., 24 s. ; 16 cm. |
| Tags: |
Add Tag
No Tags, Be the first to tag this record!
|
Titul je dostupný aj v ... 

MARC
| LEADER | 00000nam a2200000 a 4500 | ||
|---|---|---|---|
| 001 | 000463520 | ||
| 005 | 20150422144004.0 | ||
| 008 | 990309 1913 gw e 001 0 ger d | ||
| 020 | |a (viaz.) |c Kčs 11,00 | ||
| 040 | |a SVKKK |b slo |c SVKKK |e AACR2 | ||
| 041 | 0 | |a ger | |
| 044 | |a gw |c DE | ||
| 080 | |a 908(73) |2 2001 | ||
| 080 | |a (031) |2 2001 | ||
| 245 | 0 | 0 | |a Land und Leute in Amerika / |c zusammengestellt von Carl Naubert ; völlig neubearbeitet von E. Fluegel. |
| 246 | 3 | 3 | |a Methode Toussaint-Langenscheidt |
| 250 | |a 3. Bearbeitung | ||
| 260 | |a Berlin : |b Langenscheidtsche Verlagsbuchhandlung, |c [1913]. | ||
| 300 | |a xxiv, 564 s., 56 s. príl., 24 s. ; |c 16 cm. | ||
| 490 | 1 | |a Langenscheidts Sachwörterbücher |v 407 | |
| 500 | |a Nad názvom: Methode Toussaint-Langenscheidt | ||
| 500 | |a Príloha: Ergänzungswörterbuch zu Naubert, Land un leute in Amerika. Zusammengestellt von Felix Baumann, 2. Aufl. | ||
| 504 | |a Register | ||
| 651 | 7 | |a Spojené štáty americké |2 SVKKKPH | |
| 655 | 7 | |a encyklopédie |2 SVKKKPH | |
| 700 | 1 | |a Naubert, Carl |4 com | |
| 700 | 1 | |a Fluegel, Ernst Jacob |4 edt | |
| 830 | 0 | |a Langenscheidts Sachwörterbücher |v 407 | |
| 910 | |a svkkk | ||
| 998 | |a BK | ||
| 090 | |g SCKHL |k HIS - študovňa |a I.6261 |j 102995 |i 2720305625 |s Príručka / Študovňa | ||